00601nam a22001697a 450000500170000001000150001702000260003203500140005803700090007208200080008110000360008924500680012526000800019327000790027330000540035265000250040620240726125622.0 aHIN-128012 a9788187770046c175.00 aHN-100358 bDBAD a821 aराजेश कुमार aआँच पर सवाल/cराजेश कुमार aइलाहाबादbअनामिका प्रकाशनc2008 a52, तुलारामबागbइलाहाबादk0532-2505090 a120 पृ.c22सेमी. (सजिल्द) aहिन्दी